000
00265nam a2200097Ia 4500
008
220204s9999 xx 000 0 und d
082
_a
339.5
_b
MEE
245
0
_a
Meeting of the advisory council on trade
260
_a
New Delhi
_b
Ministry of commerce
_c
1974
942
_c
BK
999
_c
23562
_d
23562